Opus metricum: 1951-1959

Na minha lista:
Detalhes bibliográficos
Autor principal: Sanguineti, Edoardo (Autor)
Formato: Livro
Idioma:Língua italiana
Publicado em: Milán Rusconi e Paolazzi 1960
coleção:Quaderni del Verri
Assuntos:
Tags: Adicionar Tag
Sem tags, seja o primeiro a adicionar uma tag!

MARC

LEADER 00000nam a2200000 a 4500
001 UCV8908
003 CL-VaPUC
008 920303e19600000IT |||||||||||||||||ita|d
082 0 4 |a 851  |b SAN  |2 21 
100 0 |a Sanguineti, Edoardo  |e author  |9 302889 
245 1 0 |a Opus metricum: 1951-1959 
300 |a 97 p 
942 |c BK 
945 |d 19920303 00:00:00 
260 |a Milán  |b Rusconi e Paolazzi  |c 1960 
650 0 |a Poesías italianas  |9 265352 
583 |a last modification  |c 19920303 00:00:00  |k Rodrigo Vera 
490 0 |a Quaderni del Verri 
999 |c 214326  |d 214324 
952 |0 0  |1 0  |4 0  |6 851_000000000000000_SAN_1960  |7 0  |8 P  |9 197570  |a BIBARQ  |b BIBARQ  |d 2019-11-14  |i 2652390  |o 851 SAN 1960  |p 2652390  |r 2025-01-20  |w 2019-11-14  |y BK  |k ARQ